00476nam a2200193 a 4500001001300000003000900013005001700022008004100039020000900080082001400089100001600103245003600119260003500155300000900190500003500199505001000234650002200244700001600266nice12345678IN_TiNIC20260116012514.0050524s1981 dela grp 000 0 eng  ac2800a297bALI1 aAli, B Shek aIslamb a Cultural Orientation. aDelhibMacmillan Companyc1981 a160p aincludes index and biblioraphy2 aIndex aIslam and Culture1 aAli, B Shek